Svenska Län med Flest Utrikes Födda - Statistics

General Stats
  • This quiz has been taken 14 times
  • The average score is 7 of 10
Answer Stats
# Utrikes födda Län % Correct
669,934 Stockholm
100%
338,059 Skåne
93%
51,489 Halland
71%
80,667 Uppsala
71%
62,582 Södermanland
64%
365,108 Västra Götaland
64%
71,011 Jönköping
57%
53,570 Örebro
57%
81,832 Östergötland
57%
62,380 Västmanland
36%
No matching quizzes found
Score Distribution
Percent of People with Each Score
Percentile by Number Answered
Your Score History
You have not taken this quiz